Materials testing; (Record no. 544996)

000 -LEADER
fixed length control field 01038cam a22002291 4500
082 ## - DEWEY DECIMAL CLASSIFICATION NUMBER
Classification number 620.110287
Author Mark GIL
-- L-21, P-16
100 1# - MAIN ENTRY--PERSONAL NAME
Personal name Gilkey, Herbert James,
9 (RLIN) 40743
245 10 - TITLE STATEMENT
Title Materials testing;
Remainder of title theory, practice and significance of physical tests on engineering materials,
Statement of responsibility, etc. by Herbert J. Gilkey ... Glenn Murphy ... [and] Elmer O. Bergman ...
250 ## - EDITION STATEMENT
Edition statement 1st ed.
260 ## - PUBLICATION, DISTRIBUTION, ETC.
Place of publication, distribution, etc. New York,
-- London,
Name of publisher, distributor, etc. McGraw-Hill Book Company, inc.,
Date of publication, distribution, etc. 1941.
300 ## - PHYSICAL DESCRIPTION
Extent xv, 185 p. incl. illus., tables, diagrs., forms.
Dimensions 29 x 23 cm.
500 ## - GENERAL NOTE
General note An earlier edition of a few copies, distributed among selected co-workers in the field, was published, 1939, under title: A manual of materials testing.
526 ## - STUDY PROGRAM INFORMATION NOTE
Program name 0
Interest level 0
Reading level 0
Title point value 620_110287000000000_GIL
526 ## - STUDY PROGRAM INFORMATION NOTE
Program name 0
Interest level 0
Reading level 0
Title point value 620_110287000000000_GIL
650 #0 - SUBJECT ADDED ENTRY--TOPICAL TERM
Topical term or geographic name entry element Engineering
General subdivision Laboratory manuals.
9 (RLIN) 40744
650 #0 - SUBJECT ADDED ENTRY--TOPICAL TERM
Topical term or geographic name entry element MCE
9 (RLIN) 379
650 #0 - SUBJECT ADDED ENTRY--TOPICAL TERM
Topical term or geographic name entry element Strength of materials.
9 (RLIN) 563
650 #0 - SUBJECT ADDED ENTRY--TOPICAL TERM
Topical term or geographic name entry element Testing.
9 (RLIN) 40531
700 1# - ADDED ENTRY--PERSONAL NAME
Personal name Bergman, Elmer Otto,
9 (RLIN) 40745
700 1# - ADDED ENTRY--PERSONAL NAME
Personal name Murphy, Glenn,
9 (RLIN) 40746
942 ## - ADDED ENTRY ELEMENTS (KOHA)
Source of classification or shelving scheme
Koha item type Book
Holdings
Withdrawn status Lost status Source of classification or shelving scheme Damaged status Not for loan Permanent Location Current Location Date acquired Total Checkouts Full call number Barcode Date last seen Price effective from Koha item type
          Military College of Engineering (MCE) Military College of Engineering (MCE) 05/15/2014   620.110287 GIL MCE-29388 05/15/2014 05/15/2014 Book
          Military College of Engineering (MCE) Military College of Engineering (MCE) 05/15/2014   620.110287 GIL MCE-755 05/15/2014 05/15/2014 Book
© 2023 Central Library, National University of Sciences and Technology. All Rights Reserved.